Les pays dont le maillot de sport est différent du drapeau - Statistiques

Statistiques générales
  • Ce quiz a été pris 73 fois
    20 depuis la dernière actualisation
  • Le résultat moyen est 3 sur 9
Statistiques - réponses
Réponse % Correct
Italie
71%
Allemagne
59%
Japon
53%
Pays-Bas
53%
Australie
35%
Nouvelle-Zélande
29%
Ghana
24%
Sénégal
24%
Venezuela
0%
Aucun quiz correspondant
Distribution des résultats
% des personnes avec chaque résultat
Percentile par nombre de réponses
Votre historique - résultats
Vous n’avez pas pris ce quiz depuis la dernière actualisation